00941nam a2200229 a 4500001001000000005001700010008004100027020001500068050002200083245017700105250000600282260003900288300004200327500008500369504003200454610005300486650004200539650003700581650003700618650003600655700002000691BRCA_122920190320203333.0000302s2002 mx-a---##b---#000-0#spa-d a9687794097 4aND1420b.V54 200210aViento detenidobmitologías e historias en el arte del biombo : colección de biombos de los siglos XVII al XIX de Museo Soumayacensayos de Gustavo Curiel ... [et al.]. a2 aMéxicobAsociación Carsoc2002 a263 p.bil. (algunas a color)c33 cm. aCatálogo de la exposición realizada en el Museo Soumaya (Ciudad de México) aBibliografía : p. 253-26124aMuseo Soumaya (Ciudad de México)vExposiciones14aBiombosvExposicionesxTemas, motivos14aSimbolismo en artevExposiciones14aArte y mitologíavExposiciones14aBiombosvExposicioneszMéxico1 aCuriel, Gustavo